[Event "Terre degli Elimi op 3rd"]
[Site "Erice"]
[Date "2012.07.25"]
[Round "1"]
[White "Brunello, Marina"]
[Black "Cannella, Simone"]
[Result "1-0"]
[WhiteElo "2239"]
[BlackElo "1793"]
[PlyCount "65"]
[EventDate "2012.07.25"]
[EventType "swiss"]
[EventRounds "7"]
[EventCountry "ITA"]
[SourceTitle "EXT 2013"]
[Source "ChessBase"]
[SourceDate "2012.11.22"]
[SourceVersion "1"]
[SourceVersionDate "2012.11.22"]
[SourceQuality "1"]

1. e4 Nc6 2. Nf3 e6 3. d4 d5 4. e5 Nge7 5. c3 b6 6. Bd3 Bb7 7. 0-0 Qd7 8. Ng5 Nf5 9. Bxf5 exf5 10. e6 fxe6 11. Nxe6 Nd8 12. Ng5 Bd6 13. Re1+ Kf8 14. Qh5 g6 15. Qh4 Kg7 16. Bf4 h6 17. Nf3 Nf7 18. Bxd6 Qxd6 19. Qe7 Rae8 20. Qxe8 Rxe8 21. Rxe8 Qd7 22. Re1 Qb5 23. b3 Kf6 24. Nbd2 Nd6 25. Ne5 c5 26. Rac1 Ne4 27. Rc2 Qa5 28. Nxe4+ fxe4 29. Rd1 cxd4 30. cxd4 b5 31. h4 Qd8 32. Rdc1 Qb6 33. Nd7+ 1-0